Planets, Dwarf Planets & Moons - Picture Quiz - Statistics

General Stats
  • This quiz has been taken 23 times
  • The average score is 14 of 18
Answer Stats
Picture Answer % Correct
Earth
94%
Mars
94%
Pluto
94%
Saturn
94%
Jupiter
88%
Mercury
88%
Moon
88%
Neptune
88%
Uranus
88%
Venus
88%
Titan
75%
Europa
69%
Ganymede
69%
Io
69%
Ceres
63%
Callisto
56%
Haumea
56%
Makemake
50%
No matching quizzes found
Score Distribution
Percent of People with Each Score
Percentile by Number Answered
Your Score History
You have not taken this quiz